Statistics for Neighbourhoods of Prince George on the Map

Click here to take the quiz!

General Stats

  • This quiz has been taken 7 times
  • The average score is 14 of 22

Answers on the Map

Answers color-coded by a green-red scale on the quiz's map according to % correct below.
 

Answer Stats

Neighbourhood% Correct
Central Hart
100%
College Heights
100%
Downtown
100%
Hart Highlands
100%
Heritage
75%
North Nechako
75%
South Fort George
75%
Vanway
75%
Assman
50%
Bonnet Hill
50%
Crescents
50%
East Central Fort George
50%
Fraserview
50%
Lansdown
50%
Millar Addition
50%
Perry
50%
Seymour
50%
University Heights
50%
Van Bow
50%
VLA
50%
West Bowl
50%
Charella Gardens
25%

Score Distribution

Percentile by Number Answered

Percent of People with Each Score

Your Score History

You have not taken this quiz